Normal view
MARC view
- KNOWLEDGE THEORY SCIENCE PHILOSOPHY RESEARCH METHODOLOGY
Entry Topical Term
001 - CONTROL NUMBER
- control field: 74079
003 - CONTROL NUMBER IDENTIFIER
- control field: NUST
005 - DATE AND TIME OF LATEST TRANSACTION
- control field: 20210628205127.0
008 - FIXED-LENGTH DATA ELEMENTS
- fixed length control field: 210628|| aca||aabn | a|a d
040 ## - CATALOGING SOURCE
- Original cataloging agency: NUST
- Transcribing agency: NUST
150 ## - HEADING--TOPICAL TERM
- Topical term or geographic name entry element: KNOWLEDGE THEORY SCIENCE PHILOSOPHY RESEARCH METHODOLOGY
670 ## - SOURCE DATA FOUND
- Source citation: Work cat.: (NUST): WEIMER, WALTER B 74078, NOTES ON THE MATHODOLOGY OF SCIENCE RESEARCH, 1979
